| 000 | 00590cam a22002411 4500 | ||
|---|---|---|---|
| 001 | sa 68009819 | ||
| 003 | DLC | ||
| 005 | 20260227112547.0 | ||
| 008 | 950303s1968 ii 000 0 beno | ||
| 010 | _asa 68009819 | ||
| 025 | _aPL480:EP-B-1665 | ||
| 035 | _a(OCoLC)32083991 | ||
| 040 |
_aDLC _cCU _dCU _dDLC |
||
| 042 | _apremarc | ||
| 050 | 0 | 0 |
_aBP130.7 _b.A35 |
| 100 | 1 | _aAhmad, Rashid. | |
| 245 | 1 | 0 | _aPhayīlatula Kuraāna. |
| 260 | _c[1968] | ||
| 300 |
_a4, 324 p. _c25 cm. |
||
| 500 | _aIn Bengali. | ||
| 500 | _aIncludes quotations from the Koran. | ||
| 630 | 0 | 0 | _aQurʼan. |
| 999 |
_c83164 _d83164 |
||